| 000 | 00832cam a22002177a 4500 | ||
|---|---|---|---|
| 020 | _a047144393X (alk. paper) | ||
| 040 | _cUKM | ||
| 082 | 0 | 4 | _a973 WIL 2003 A100 Or. |
| 245 | 0 | 0 | _aCivil War and Reconstruction / |
| 260 |
_aHoboken, N.J. : _bJ. Wiley, _cc2003. |
||
| 300 |
_a133 p. : _bill. ; _c25 cm. |
||
| 500 | _aCollection of excerpts from diaries, newspapers, speeches, documents, etc. with commentary by the editor. | ||
| 500 | _aIncludes index. | ||
| 650 | 0 | _aReconstruction (U.S. history, 1865-1877) | |
| 650 | 0 | _aReconstruction (U.S. history, 1865-1877) | |
| 700 | 1 | _aKing, David C. | |
| 856 | 4 | 2 | _uhttp://www.loc.gov/catdir/bios/wiley044/2003278561.html |
| 856 | 4 | 2 | _uhttp://www.loc.gov/catdir/description/wiley041/2003278561.html |
| 856 | 4 | 1 | _uhttp://www.loc.gov/catdir/toc/wiley041/2003278561.html |
| 942 | _cEK | ||
| 999 |
_c12529 _d12529 |
||